LEADER 01015nam a2200217 i 4500 001 000000203591 003 CaOOAMICUS 005 20110701000000.0 008 110701n it u000 u ita u 013 $a182304 040 $aSeMil$bita 100 1 $aMagni, Walter,$c.$0(OLS)http://semarc/name/24339 245 10$aNon di solo pane :$bil Vangelo di Gesù in Bocconi /$cDon Walter Magni. 260 $aMilano :$bRettoria San Ferdinando, Cappellania dell'Università Bocconi,$c[2007] 300 $a63 p. :$bill. ;$c21 cm. + 2 Cd allegati. 650 4$aMilano - Università Bocconi - Meditazioni.$0(OLS)http://semarc/subject/38355 850 $aSeMil 852 $aSeMil$W1$xVenegono$y1$m5B III 17/41$j154085$B154085$CSeMilBibl$Z2$F164977 $81 961 $aOmaggio: Altro 996 $6245$aNon di solo pane :$bil Vangelo di Gesù in Bocconi$9(OLS)http://semarc/title/294918 996 $6260$aMilano :$bRettoria San Ferdinando, Cappellania dell'Università Bocconi$9(OLS)http://semarc/publisher/43149 LEADER 01121nam a2200241 i 4500 001 000000072976 003 CaOOAMICUS 005 20090505000000.0 008 090505s1958 xxu u000 u eng u 013 $a44148 040 $aSeMil$bita 100 1 $aZilboorg, Gregory <1890-1959>.$0(OLS)http://semarc/name/36134 245 10$aFreud and religion :$ba restatement of an old controversy /$cby Gregory Zilboorg. 260 $aWestminster, Maryland :$bNewman Press,$c1958. 300 $av, 65 p. ;$c22 cm. 490 0 $aWoodstock papers : occasional essays for theology ;$v3 650 4$aPsicanalisi e religione.$0(OLS)http://semarc/subject/11420 650 4$aFreud, Sigmund <1856-1939> - Pensiero religioso.$0(OLS)http://semarc/subject/14783 830 0$aWoodstock papers ;$v3.$0(OLS)http://semarc/title/117780 850 $aSeMil 852 $aSeMil$W1$xVenegono$y1$m2Q III 218$j39129$B39129$CSeMilBibl$Z2$F39132 $81 996 $6245$aFreud and religion :$ba restatement of an old controversy$9(OLS)http://semarc/title/117779 996 $6260$aWestminster, Maryland :$bNewman Press$9(OLS)http://semarc/publisher/35481